00872nam a22002297a 4500003000900000008004100009020002200050040007100072082002400143100002900167245005700196260003100253300004500284505011800329650001300447650003200460650002400492650002300516650001300539700005400552710003600606AR-CdUCM190312b ||||| |||| 00| 0 spa d a978-9972-38-909-2 aMUNICIPALIDAD PROVINCIAL DEL CUSCOcBIBLIOTECA MUNICIPAL DEL CUSCO a985.07 /bR3522ed. aReaño García, José aHistoria del leguiismo :bsus hombres y sus obras /  aLima :bSan Marcos,c2009. a133 páginas :bilustraciones, c24 cm. aContenido: Patria nueva -- Relaciones exteriores -- Gobierno -- Justicia, instrucción, culto y beneficencia ... aHistoria aAugusto B. Leguía Salcedo aOncenio de Leguía aGobiernos peruanos aSiglo XX aLeguia Olivera, Enriqueta (Prólogo y epílogo) aFundación Augusto B. Leguía